|
|
|
|
| LEADER |
01181nam a2200325 a 4500 |
| 001 |
13291910 |
| 003 |
BD-DhAAL |
| 005 |
20230618144552.0 |
| 008 |
1207s2003 enka b 001 0 eng d |
| 010 |
|
|
|a 2003363103
|
| 020 |
|
|
|a 0748613501
|
| 020 |
|
|
|a 0748613498 (pbk.)
|
| 040 |
|
|
|a VA@
|c VA@
|d DLC
|d BD-DhAAL
|
| 042 |
|
|
|a lccopycat
|
| 050 |
0 |
0 |
|a HQ1190
|b .F46312 2003
|
| 082 |
0 |
0 |
|a 305.42/09
|2 22
|
| 245 |
0 |
0 |
|a Feminist postcolonial theory :
|b a reader /
|c edited by Reina Lewis and Sara Mills.
|
| 260 |
|
|
|a Edinburgh :
|b Edinburgh University Press,
|c c2003.
|
| 300 |
|
|
|a xi, 754 pages :
|b illustrations ;
|c 25 cm.
|
| 504 |
|
|
|a Includes bibliographical references (p. 739-746) and index.
|
| 541 |
|
|
|e 25671
|
| 650 |
|
0 |
|a Feminist theory
|x History.
|9 4501
|
| 650 |
|
0 |
|a Feminism
|x History.
|
| 650 |
|
0 |
|a Postcolonialism.
|
| 700 |
1 |
|
|a Lewis, Reina,
|d 1963-
|9 54751
|
| 700 |
1 |
|
|a Mills, Sara,
|d 1954-
|9 54752
|
| 852 |
1 |
|
|a Ayesha Abed Library
|c General Shelf.
|
| 942 |
|
|
|2 ddc
|c BK
|
| 999 |
|
|
|c 12623
|d 12623
|
| 952 |
|
|
|0 0
|1 0
|2 ddc
|4 0
|6 305_420900000000000_FEM
|7 0
|9 20817
|a BIGD
|b BIGD
|c GEN
|d 2023-06-18
|l 0
|o 305.4209 FEM
|p 3050025671
|r 2012-07-24
|t 1
|w 2012-07-24
|y BK
|x Transferred from BDI to BIGD.
|